| 000 | 00463nam a2200157Ia 4500 | ||
|---|---|---|---|
| 999 |
_c20223 _d20223 |
||
| 003 | OSt | ||
| 005 | 20200706111532.0 | ||
| 008 | 190216s9999||||xx |||||||||||||| ||und|| | ||
| 040 | _coclc | ||
| 082 |
_a949.5 _bHEU/S |
||
| 100 |
_aHeurtley, W A _93550 |
||
| 245 | 0 |
_aA Short History Of Greece / _cW A Heurtley ; H C Darby |
|
| 260 |
_bCambridge Uty Press, _c1967. _aLondon: |
||
| 300 | _a202p | ||
| 942 |
_cBK _2ddc _h949.5 _iHEU/S _k949.5 _mHEU/S |
||